000 00409nam a22001457a 4500
082 _aP-383
_cProject
100 _aBilal Paracha
_948092
245 _aUtilization of hospital waste ash as partial replacement of cement
260 _aMCE
_bBilal Paracha, Jibran Hashmi.
_c30-5-2008
300 _a46p.:
_c50cm.
526 _a0
_b0
_c0
_dP_383
526 _a0
_b0
_c0
_dP_384
650 _aProject
942 _2ddc
_cBK
999 _c551127
_d551127